[Event "NJSK 2022 Jeugd A"]
[Site "Almelo, Netherlands"]
[Date "2022.05.02"]
[Round "2.3"]
[White "Pham, Khoi"]
[Black "Hooijmans, Max"]
[Result "1-0"]
[WhiteElo "2291"]
[BlackElo "1420"]
[PlyCount "67"]
[EventDate "2022.??.??"]

1. e4 e5 2. Nf3 Nc6 3. Bb5 Bc5 4. c3 d6 5. d4 exd4 6. cxd4 Bb4+ 7. Kf1 a6 8.
Bxc6+ bxc6 9. Qa4 Rb8 10. a3 Bd7 11. axb4 c5 12. Qc2 Rxb4 13. Bd2 Rc4 14. Bc3
cxd4 15. Nxd4 Nf6 16. Nd2 Rc5 17. Rxa6 O-O 18. Ra5 Re8 19. f3 Nh5 20. Rxc5 dxc5
21. Ne2 Bb5 22. Kf2 Bd3 23. Qd1 f5 24. e5 Re6 25. g3 g5 26. Nc4 g4 27. Nc1 Nf4
28. Nxd3 Nxd3+ 29. Ke2 gxf3+ 30. Ke3 f4+ 31. gxf4 f2 32. Qxd3 Qh4 33. Qf5 Rg6
34. e6 {Kf8 Ke4+} 1-0

[Event "NJSK 2022 Meisjes A&B"]
[Site "Almelo, Netherlands"]
[Date "2022.05.02"]
[Round "2.1"]
[White "De Zoeten, Cato"]
[Black "Den Heijer, Rolinde"]
[Result "0-1"]
[WhiteElo "1915"]
[BlackElo "1754"]
[PlyCount "142"]
[EventDate "2022.??.??"]

1. e4 c5 2. Nf3 d6 3. d4 cxd4 4. Nxd4 Nf6 5. Nc3 g6 6. Be3 Bg7 7. f3 O-O 8. Qd2
Nc6 9. O-O-O d5 10. exd5 Nxd5 11. Nxc6 bxc6 12. Bd4 e5 13. Bc5 Be6 14. Ne4 Re8
15. h4 Rb8 16. g4 Qc7 17. h5 f5 18. gxf5 gxf5 19. Nd6 Red8 20. Rg1 Kh8 21. Nc4
Nb6 22. Rxg7 Rxd2 23. Rxc7 Rxd1+ 24. Kxd1 Nxc4 25. b3 Rd8+ 26. Kc1 Nb6 27. c4
Nd7 28. Bxa7 Ra8 29. Kb2 Re8 30. Rxc6 Nf6 31. h6 Ng8 32. f4 Nxh6 33. fxe5 Ng4
34. Bd4 h5 35. a4 Nh2 36. Bh3 Nf3 37. Bc3 h4 38. a5 Ng5 39. Bg2 f4 40. Bd2 Rf8
41. a6 h3 42. Bh1 f3 43. Bxg5 f2 44. Bf6+ Rxf6 45. exf6 f1=Q 46. Rxe6 Qxh1 47.
Re8+ Kh7 48. a7 h2 49. Re2 Qa8 50. Rxh2+ Kg6 51. f7 Kxf7 52. Rh7+ Ke6 53. Rh6+
Kd7 54. Ra6 Kc7 55. b4 Kb7 56. b5 Qh8+ 57. Kb3 Ka8 58. b6 Qc8 59. Ra5 Qb7 60.
Rb5 Qf3+ 61. Kb4 Kb7 62. Ra5 Qf8+ 63. Kb3 Qf3+ 64. Kb4 Qf8+ 65. Ka4 Qe8+ 66.
Rb5 Qc6 67. Kb4 Qe4 68. Ra5 Qe1+ 69. Ka4 Qa1+ 70. Kb5 Qb2+ 71. Kc5 Qxb6+ {Kd4}
0-1

[Event "NJSK 2022 Meisjes A&B - Barrages"]
[Site "Almelo, Netherlands"]
[Date "2022.05.07"]
[Round "8.1"]
[TimeControl "5 min + 3 sec/move"]
[White "Verheij, Dana"]
[Black "Den Heijer, Rolinde"]
[Result "0-1"]
[WhiteElo "1828"]
[BlackElo "1754"]
[PlyCount "82"]

1. e4 c5 2. c3 d5 3. exd5 Qxd5 4. d4 g6 5. Nf3 Bg7 6. Be3 cxd4 7. Nxd4 Nf6 8. Na3 a6 9. Bc4 Qxg2 10. Rf1
O-O 11. Qe2 Nc6 12. O-O-O Qh3 13. Kb1 Nxd4 14. Bxd4 Bf5+ 15. Ka1 e6 16. Nc2 b5
17. Bd3 Bxd3 18. Rxd3 Qh5 19. Qe3 Nd5 20. Qg3 Nf6 21. Rg1 Rab8 22. Ne3 b4 23.
Nc4 Qb5 24. Nd2 Nh5 25. Qe3 bxc3 26. Nb3 cxb2+ 27. Kxb2 a5 28. Ka1 a4 29. Nc5
Qxc5 30. Rb1 Bxd4+ 31. Qxd4 Qxd4+ 32. Rxd4 Rxb1+ 33. Kxb1 Ra8 34. Kc2 Nf6 35.
Kd3 Nd5 36. Kc4 Kg7 37. h4 h5 38. Kc5 a3 39. Kd6 Nc3 40. Ke5 Nxa2 41. Rd2 Nc3 0-1

[Event "NJSK 2022 Meisjes A&B - Barrages"]
[Site "Almelo, Netherlands"]
[Date "2022.05.07"]
[Round "9.1"]
[TimeControl "5 min + 3 sec/move"]
[White "Den Heijer, Rolinde"]
[Black "Verheij, Dana"]
[Result "1-0"]
[WhiteElo "1754"]
[BlackElo "1828"]
[PlyCount "121"]

1. e4 c5 2. Nf3 d6 3. d4 cxd4 4. Nxd4 Nf6 5. Nc3 a6 6. g3 e5 7. Nde2 Be7 8. Bg2 Be6 9. O-O O-O 10. a4 Nbd7 11. h3 Rc8 12. Be3 Nb6 13. b3 d5 14. Bxb6 Qxb6 15.
exd5 Rfd8 16. a5 Qc5 17. Qb1 Nxd5 18. Nxd5 Bxd5 19. c4 Bxg2 20. Kxg2 Rd2 21. Nc3 Rcd8 22. Nd5 Bf8 23. Ra2 Rxa2 24. Qxa2 Qc6 25. Kg1 Qh6 26. Kh2 Bd6 27. Qe2
f5 28. Rg1 f4 29. Qe4 fxg3+ 30. Rxg3 Rf8 31. Rg2 Qe6 32. Qg4 Qxg4 33. hxg4 Bc5 34. Kg3 h6 35. f3 Bd6 36. Re2 e4+ 37. f4 Kh7 38. Rxe4 Rc8 39. Kf3 Rc5 40. b4
Rc8 41. c5 Bf8 42. Ne7 Rd8 43. Nf5 Rd1 44. Rd4 Rf1+ 45. Ke4 Rg1 46. Ne3 Re1 47. Rd7 Rb1 48. Nd5 Re1+ 49. Kf5 Kg8 50. Rxb7 Rb1 51. Ra7 Rd1 52. Rd7 Re1 53. Nb6
Be7 54. Rd4 Kh7 55. Re4 g6+ 56. Ke5 Bf6+ 57. Kd5 Rd1+ 58. Ke6 Bc3 59. Rc4 Be1 60. c6 Rb1 61. c7 1-0

[Event "NJSK 2022 Jeugd C"]
[Site "Almelo, Netherlands"]
[Date "2022.05.05"]
[Round "7.8"]
[White "Krylov, Philippe"]
[Black "Zecha, Oscar"]
[Result "0-1"]
[WhiteElo "1817"]
[BlackElo "1826"]
[PlyCount "106"]
[EventDate "2022.??.??"]

1. c4 Nf6 2. Nc3 e6 3. d4 Bb4 4. e3 O-O 5. Nge2 d5 6. a3 Be7 7. cxd5 exd5 8. g3
b6 9. Bg2 Bb7 10. Nf4 Re8 11. O-O a5 12. Qb3 c6 13. Bd2 Nbd7 14. Rfe1 h6 15. f3
Rc8 16. e4 Nf8 17. e5 N6d7 18. Bh3 Bg5 19. e6 fxe6 20. Bxe6+ Nxe6 21. Rxe6 Rxe6
22. Nxe6 Qf6 23. Nxg5 Qxd4+ 24. Kh1 Qxd2 25. Nge4 Qe3 26. Kg2 Ba6 27. Nf2 Ne5
28. f4 Qf3+ 29. Kg1 Nc4 30. Qd1 Qxd1+ 31. Nfxd1 Re8 32. b3 Ne3 33. Nf2 Nc2 34.
Ra2 Nd4 35. Ra1 Nxb3 36. Rb1 Nd2 37. Rd1 Nc4 38. a4 Re3 39. Rd3 Re1+ 40. Kg2
Ne3+ 41. Kf3 Bxd3 42. Nxd3 Ra1 43. Kxe3 Ra3 44. Kd2 d4 45. Ne4 Rxa4 46. Ne5 c5
47. Kd3 Ra2 48. h3 a4 49. Nc4 a3 50. Ned6 Rb2 51. Nxa3 Rb3+ 52. Kc4 Rxa3 53.
Nc8 d3 {Kd4} 0-1

[Event "NJSK 2022 Meisjes C"]
[Site "Almelo, Netherlands"]
[Date "2022.05.02"]
[Round "2.8"]
[White "Kulikova, Polina"]
[Black "Koorevaar, Sarah-Joy"]
[Result "1/2-1/2"]
[WhiteElo "1117"]
[BlackElo "849"]
[PlyCount "122"]
[EventDate "2022.??.??"]

1. d4 Nf6 2. c4 e6 3. Nf3 b6 4. Bg5 Bb7 5. Nc3 Bb4 6. Qc2 O-O 7. e3 d5 8. Bd3
Bxc3+ 9. Qxc3 dxc4 10. Qxc4 Ba6 11. Qc2 Bxd3 12. Qxd3 Nc6 13. a3 e5 14. Qc2 Qd6
15. Rc1 Nd8 16. Qxc7 Qxc7 17. Rxc7 Ne6 18. Rc2 exd4 19. Bxf6 gxf6 20. Nxd4 Nxd4
21. exd4 Rfe8+ 22. Kd2 Rad8 23. Kd3 Re7 24. Rhc1 Red7 25. Rc4 Kf8 26. Re1 a5
27. a4 Kg7 28. Re4 h5 29. Rc6 Rb8 30. Rf4 b5 31. Ra6 bxa4 32. Rxa5 Rb3+ 33. Kc2
Rc7+ 34. Kd2 Rxb2+ 35. Ke3 Rc3+ 36. Ke4 a3 37. Rf3 Re2+ 38. Kf4 Rc4 39. Rfxa3
Rxd4+ 40. Kf3 Re5 41. Rxe5 fxe5 42. Ke3 f5 43. g3 h4 44. f4 hxg3 45. hxg3 Kg6
46. Ra5 Re4+ 47. Kf3 exf4 48. gxf4 Rb4 49. Kg3 Rb3+ 50. Kh4 Rf3 51. Ra6+ Kf7
52. Kg5 Rc3 53. Kxf5 Rc5+ 54. Kg4 Rb5 55. f5 Rb1 56. Ra3 Kf6 57. Ra6+ Kf7 58.
Ra4 Kf6 59. Ra6+ Kf7 60. Kf4 Rf1+ 61. Ke5 Re1+ {Ke4} 1/2-1/2

[Event "NJSK 2022 Meisjes C"]
[Site "Almelo, Netherlands"]
[Date "2022.05.04"]
[Round "4.9"]
[White "Hagen, Carlijn"]
[Black "Jonkman, Sophia"]
[Result "1-0"]
[WhiteElo "783"]
[BlackElo "1417"]
[PlyCount "65"]
[EventDate "2022.??.??"]

1. e4 e6 2. d4 d5 3. e5 c5 4. dxc5 Bxc5 5. Nf3 Nc6 6. Bb5 Qa5+ 7. Nc3 Bd7 8.
Bxc6 Bxc6 9. a3 f5 10. O-O Ne7 11. Bg5 Qc7 12. b4 h6 13. bxc5 hxg5 14. Re1 Qa5
15. Ne2 Qxc5 16. Nxg5 d4 17. Nxe6 Qxe5 18. Ng3 Qd6 19. h3 Kf7 20. Ng5+ Kf6 21.
Re6+ Qxe6 22. Nxe6 Kxe6 23. Qxd4 Kf7 24. Re1 Rad8 25. Qxa7 Rd2 26. Qe3 Rd7 27.
Nxf5 Re8 28. Nxe7 Rexe7 29. Qb3+ Kf8 30. Rxe7 Rd1+ 31. Kh2 Kxe7 32. c4 Rd2 33.
Qe3+ {Ke6} 1-0